world development report 2008: Agriculture for development (Record no. 1399)

MARC details
000 -LEADER
fixed length control field 00545nam a2200205Ia 4500
003 - CONTROL NUMBER IDENTIFIER
control field OST
005 - DATE AND TIME OF LATEST TRANSACTION
control field 20240606080835.0
008 - FIXED-LENGTH DATA ELEMENTS--GENERAL INFORMATION
fixed length control field 150730s9999 xx 000 0 und d
020 ## - INTERNATIONAL STANDARD BOOK NUMBER
International Standard Book Number 9780821368077
040 ## - CATALOGING SOURCE
Transcribing agency MRUC
050 ## - LIBRARY OF CONGRESS CALL NUMBER
Classification number SPEC HD 1415.W564 2007
100 ## - MAIN ENTRY--PERSONAL NAME
Personal name World Bank
245 ## - TITLE STATEMENT
Title world development report 2008: Agriculture for development
264 ## - PRODUCTION, PUBLICATION, DISTRIBUTION, MANUFACTURE, AND COPYRIGHT NOTICE
Place of production, publication, distribution, manufacture Washington
264 ## - PRODUCTION, PUBLICATION, DISTRIBUTION, MANUFACTURE, AND COPYRIGHT NOTICE
Name of producer, publisher, distributor, manufacturer World Bank
264 ## - PRODUCTION, PUBLICATION, DISTRIBUTION, MANUFACTURE, AND COPYRIGHT NOTICE
Date of production, publication, distribution, manufacture, or copyright notice 2007
650 ## - SUBJECT ADDED ENTRY--TOPICAL TERM
Topical term or geographic name entry element Agriculture-- economic aspects; population
942 ## - ADDED ENTRY ELEMENTS (KOHA)
Source of classification or shelving scheme Library of Congress Classification
Koha item type Books
Holdings
Withdrawn status Lost status Source of classification or shelving scheme Damaged status Not for loan Home library Current library Shelving location Date acquired Total checkouts Full call number Barcode Date last seen Price effective from Koha item type
    Library of Congress Classification     MUT Mariira Campus Library MUT Mariira Campus Library General stacks 14/08/2015   HD 1415 .W56 2007 001457 14/08/2015 14/08/2015 Books